000 00242nam a2200097Ia 4500
001 1190766
005 20250827021623.0
008 250824s9999 xx 000 0 und d
245 0 _aALLAH'A EMANET OL
_cKAHRAMAN TAZEOĞLU
260 _bYEDİVEREN
999 _c1190766
_d1190766